| 000 | 00940nam a2200253 i 4500 | ||
|---|---|---|---|
| 001 | 188629 | ||
| 003 | SpMaBN | ||
| 005 | 20250608193144.0 | ||
| 008 | 190115s2013 sp acf |||| |dspa d | ||
| 020 | _a978-84-616-4066-9 | ||
| 020 | _a84-616-4066-7 | ||
| 080 | _a929 Manolete | ||
| 080 | _a791.862 Manolete | ||
| 100 | 1 |
_aBallester Lorca, Pedro. _9165971 |
|
| 245 | 1 | 0 |
_aComo un ciprés, Manolete _b: reflexiones antropológicas y estéticas / _cPedro Ballester Lorca. |
| 260 |
_a[Córdoba : _bP. Ballester, _c2013] ( _eVilla del Río, Córdoba : _fA.G. Unigraf) |
||
| 300 |
_a396 p. : _bil., fot. ; _c24 cm. |
||
| 504 | _aBibliografía: p. 391-396. | ||
| 600 | 1 | 7 |
_aManolete, _d1917-1947 _2 _9161488 |
| 852 |
_aES-MaACL _jA-14297 _9195760 _bR.151693 _cDEPO1 _dOlim: N-7297 _hDonación: Centro de Asuntos Taurinos |
||
| 914 |
_9234656 _aCentro de Asuntos Taurinos (Madrid) _ednr |
||
| 942 |
_2udc _cMONOGRAFIA |
||
| 999 |
_c188629 _d188629 |
||